Ethics in engineering / (Record no. 616955)
[ view plain ]
| 000 -LEADER | |
|---|---|
| fixed length control field | 00380nam a22001457a 4500 |
| 020 ## - INTERNATIONAL STANDARD BOOK NUMBER | |
| Qualifying information | PB. |
| 040 ## - CATALOGING SOURCE | |
| Transcribing agency | FIZZA ISHAQ |
| 082 ## - DEWEY DECIMAL CLASSIFICATION NUMBER | |
| Classification number | 174.962 |
| Author Mark | MAR |
| 100 ## - MAIN ENTRY--PERSONAL NAME | |
| Personal name | Martin, Mike. |
| 9 (RLIN) | 134030 |
| 245 ## - TITLE STATEMENT | |
| Title | Ethics in engineering / |
| Statement of responsibility, etc. | Mike W. Martin. |
| 250 ## - EDITION STATEMENT | |
| Edition statement | 2nd ed. |
| 260 ## - PUBLICATION, DISTRIBUTION, ETC. | |
| Place of publication, distribution, etc. | New York : |
| Name of publisher, distributor, etc. | McGraw-Hill, |
| Date of publication, distribution, etc. | 1989. |
| 300 ## - PHYSICAL DESCRIPTION | |
| Extent | : xviii, 404 p. : ill. ; |
| Dimensions | 23 cm |
| 942 ## - ADDED ENTRY ELEMENTS (KOHA) | |
| Source of classification or shelving scheme | |
| Koha item type | Book |
| Withdrawn status | Lost status | Source of classification or shelving scheme | Damaged status | Not for loan | Permanent Location | Current Location | Shelving location | Date acquired | Total Checkouts | Full call number | Barcode | Date last seen | Price effective from | Koha item type |
|---|---|---|---|---|---|---|---|---|---|---|---|---|---|---|
| NUST Baluchistan Campus (NBC) | NUST Baluchistan Campus (NBC) | General Stacks | 04/10/2026 | 174.962 MAR | QD-119 | 04/10/2026 | 04/10/2026 | Book |
